Zákon o konkurzu a vyrovnání v hospodářské praxi

Zákon č. 328/1991 Sb. o konkurze a vyrovnaní vstúpil do platnosti 22. 4. 1993 v ČR. Štyri nástroje pre riešenie situácie podnikov ohrozených bankrotom. Vzájomné zápočty pohľadávok a záväzkov medzi SR a ČR. Kapitalizácia úverov a pohľadávok. Odkúpenie pohľadávok a odpis pohľadávok do nákladov.

Guardado en:
Detalles Bibliográficos
Autor principal: Kalný, S.
Otros Autores: Kodat, J.
Formato: Capítulo de libro
Lenguaje:checo
Materias:
Etiquetas: Agregar Etiqueta
Sin Etiquetas, Sea el primero en etiquetar este registro!

MARC

LEADER 00000naa a2200000 4500
001 r014289
005 20221205080156.9
041 0 |a cze 
044 |a CZ 
245 1 0 |a Zákon o konkurzu a vyrovnání v hospodářské praxi  |c S. Kalný, J. Kodat 
520 |a Zákon č. 328/1991 Sb. o konkurze a vyrovnaní vstúpil do platnosti 22. 4. 1993 v ČR. Štyri nástroje pre riešenie situácie podnikov ohrozených bankrotom. Vzájomné zápočty pohľadávok a záväzkov medzi SR a ČR. Kapitalizácia úverov a pohľadávok. Odkúpenie pohľadávok a odpis pohľadávok do nákladov. 
610 2 0 |a bankrot 
610 2 0 |a zákony 
610 2 0 |a pohľadávky 
610 2 0 |a Česko 
610 2 0 |a Slovensko 
610 2 0 |a záväzky 
100 1 |a Kalný, S. 
700 1 |a Kodat, J.